Fine della corsa : teledramma /

में बचाया:
ग्रंथसूची विवरण
मुख्य लेखक: Le Carré, John (लेखक)
अन्य लेखक: Capriolo, Ettore, (1926-2013)
स्वरूप: पुस्तक
भाषा:इतालवी
प्रकाशित: Milano : A. Mondadori, 1986
श्रृंखला:Teatro e cinema ; 25
टैग: टैग जोड़ें
कोई टैग नहीं, इस रिकॉर्ड को टैग करने वाले पहले व्यक्ति बनें!

MARC

LEADER 00000nam a2200000 i 4500
001 IT\ICCU\CFI\0029059
003 ItRI
005 20260115232431.0
008 870407s1986 it |||||| ||||| |||||c
015 |2 IT  |a 89-3231 
040 |b ita  |c importazione bologna sebina 
041 7 |a ita  |2 ISO-639-2 
082 |a 822.914  |9 LETTERATURA DRAMMATICA INGLESE. 1945-  |2 19 
100 1 |a Le Carré, John  |0 IT\ICCU\CFIV\004058  |4 aut 
240 1 4 |a The end of the line  |3 IT\ICCU\CFI\0086500  |9 Le Carré, John 
245 1 0 |a Fine della corsa :  |b teledramma /  |c John le Carré ; traduzione di Ettore Capriolo ; introduzione di Oreste del Buono. 
260 |a Milano :  |b A. Mondadori,  |c 1986 
300 |a 98 p. ;  |c 19 cm. 
700 1 |a Capriolo, Ettore,  |d  (1926-2013)  |0 IT\ICCU\CFIV\014193 
790 1 |a Cornwell, David John Moore  |3 IT\ICCU\CFIV\004059  |z Le Carré, John 
830 0 |a Teatro e cinema ;  |v 25  |0 IT\ICCU\CFI\0014317 
942 |2 ddc  |c BK  |n 0 
952 |0 0  |1 0  |4 0  |6 DOC_822_914000000000000_LEC  |7 0  |9 25698  |a BO  |b BO  |d 2026-01-15  |i 4401  |l 0  |o DOC 822.914 LEC  |p BO4401  |r 2026-01-15 23:24:31  |w 2026-01-15  |x [Sebina 5] [1 v.]  |y BK  |z 1 v. 
999 |c 21802  |d 21802